Państwa najbliżej Islandii - Statystyki

Ogólne statystyki
  • Ten quiz został rozwiązany 28 razy
  • Średni wynik to 20 z 20
Statystyki odpowiedzi
Odległość Państwo % Poprawnych
284km Dania
100%
1487km Finlandia
100%
1771km Francja
100%
1071km Irlandia
100%
2099km Litwa
100%
2021km Łotwa
100%
1647km Niemcy
100%
973km Norwegia
100%
1965km Polska
100%
1237km Szwecja
100%
786km Wielka Brytania
100%
1945km Estonia
96%
2287km Hiszpania
96%
1662km Holandia
96%
1989km Luksemburg
96%
2134km Rosja
96%
2286km Szwajcaria
96%
2200km Czechy
92%
1795km Kanada
92%
1777km Belgia
88%
Nie znaleziono quizów pasujących do podanych kryteriów
Rozkład punktacji
Procent ludzi z każdym wynikiem
Percentyl według liczby udzielonych odpowiedzi
Twoja historia wyników
Nie rozwiązałeś tego quizu